[Event "It (cat.10)"]
[Site "masterchessopen.com Elgoibar (Spain)"]
[Round "5"]
[White "Lima Darcy (BRA)"]
[Black "Matamoros Franco Carlos S (ECU)"]
[Result "1-0"]
[WhiteElo "2475"]
[BlackElo "2470"]

1.Nf3 c5 2.c4 g6 3.d4 cxd4 4.Nxd4 Bg7 5.e4 Nc6 6.Be3 Nf6 7.Nc3 Ng4 8.Qxg4 Nxd4
9.Qd1 e5 10.Nb5 O-O 11.Qd2 Qe7 12.f3 Nxb5 13.cxb5 d5 14.exd5 Rd8 15.Rc1 e4
16.f4 Be6 17.Bc4 Rac8 18.O-O Rxc4 19.Rxc4 Rxd5 20.Qe2 Qd7 21.Re1 h5 22.Rxe4
Bg4 23.Qf2 Rxb5 24.b3 Rd5 25.Rc4 Rd3 26.h3 Bf5 27.Kh2 Bf6 28.Rc2 Bd4 29.Bxd4
Rxd4 30.Rc8+ Kg7 31.Qb2 {#r} 1-0

[Event "Ch Finland (team) 1997/98"]
[Site "masterchessopen.com Finland"]
[Round "5"]
[White "Yrjola Jouni (FIN)"]
[Black "Holmsten Aleksei (FIN)"]
[Result "0-1"]
[WhiteElo "2420"]
[BlackElo "2355"]

1.Nf3 Nf6 2.c4 g6 3.Nc3 Bg7 4.e4 c5 5.d4 cxd4 6.Nxd4 Nc6 7.Be3 Ng4 8.Qxg4 Nxd4
9.Qd1 Ne6 10.Rc1 b6 11.Be2 Bb7 12.Qd2 O-O 13.f3 f5 14.exf5 gxf5 15.Nd5 Qe8
16.O-O Qf7 17.Rfe1 Kh8 18.b4 Rg8 19.Kh1 Rae8 20.Bf1 Qh5 21.Qf2 Bh6 22.Qb2+ Rg7
23.Qe5 Bxe3 24.Rxe3 Qh6 25.Ree1 Qg6 26.Rc3 Ng5 27.Qd4 e6 28.Nf4 Qh6 29.c5 Rg8
30.Bb5 bxc5 31.bxc5 Ne4 32.fxe4 Qxf4 33.Rf3 Qh4 34.Rd1 Qxe4 35.Qf6 Qxf3 {#R}
0-1

[Event "Ch France (team) 1996/97"]
[Site "masterchessopen.com France"]
[Round "11"]
[White "Jaulin Marc (FRA)"]
[Black "Philippe Christophe (FRA)"]
[Result "0-1"]
[WhiteElo "2108"]
[BlackElo "2235"]

1.e4 c5 2.Nf3 Nc6 3.d4 cxd4 4.Nxd4 g6 5.c4 Bg7 6.Be3 Nf6 7.Nc3 Ng4 8.Qxg4 Nxd4
9.Qd1 e5 10.Be2 O-O 11.O-O d6 12.Qd2 a6 13.Rfd1 Be6 14.b3 f5 15.f3 Rc8 16.Rac1
Qa5 17.Bg5 Rf7 18.Bd3 Rfc7 19.Ne2 Qc5 20.Nxd4 exd4 21.exf5 Bxf5 22.Bxf5 Qxf5
23.Qf4 Qc5 24.Re1 Rf7 25.Qd2 Rf5 26.Bh4 Rh5 27.Bf2 Bh6 28.f4 Rf8 29.g3 Bg7
30.Rcd1 d5 31.Bxd4 Bxd4+ 32.Qxd4 dxc4 33.bxc4 Rc8 34.Re4 Rd8 {#R} 0-1

[Event "Bundesliga (2nd) 1997/98"]
[Site "masterchessopen.com Germany"]
[Round "0"]
[White "Matthaei Alexander (GER)"]
[Black "Schlick Volker (GER)"]
[Result "1-0"]
[WhiteElo "2380"]
[BlackElo "2315"]

1.e4 c5 2.Nf3 Nc6 3.d4 cxd4 4.Nxd4 g6 5.c4 Bg7 6.Be3 Nf6 7.Nc3 Ng4 8.Qxg4 Nxd4
9.Qd1 Ne6 10.Qd2 d6 11.Nd5 Bd7 12.Be2 O-O 13.O-O f5 14.exf5 gxf5 15.Bh6 Rf7
16.Bh5 Bxh6 17.Qxh6 Rg7 18.Rfe1 Nf8 19.Re3 e6 20.Nf6+ Kh8 21.Rg3 Rxg3 22.hxg3
Bc6 23.Ne8 Qe7 24.Nxd6 Qg7 25.Qd2 Nd7 26.Re1 f4 27.Qxf4 Rf8 28.Nf7+ Kg8
29.Rxe6 Qxb2 30.Re7 Nf6 {#r} 1-0

[Event "It (open)"]
[Site "masterchessopen.com Groningen (Netherlands)"]
[Round "6"]
[White "Eppinga Roland (NED)"]
[Black "Jaksland Tim (DEN)"]
[Result "0-1"]
[WhiteElo "2185"]
[BlackElo "2245"]

1.e4 c5 2.Nf3 Nc6 3.d4 cxd4 4.Nxd4 g6 5.c4 Bg7 6.Be3 Nf6 7.Nc3 Ng4 8.Qxg4 Nxd4
9.Qd1 Ne6 10.Qd2 Qa5 11.Be2 b6 12.Rd1 d6 13.O-O Bb7 14.f3 Bxc3 15.bxc3 Rc8
16.Rb1 O-O 17.Rb5 Qa4 18.Bh6 Rfd8 19.Qe3 Qxa2 20.f4 Rxc4 21.Bxc4 Qxc4 22.f5
Qxb5 23.fxe6 f6 24.Qh3 Qe5 25.Rf5 Qxe4 {#R} 0-1

[Event "Ch Club"]
[Site "masterchessopen.com Helsinki (Finland)"]
[Round "5"]
[White "Turunen Markus (FIN)"]
[Black "Heinola Vesa (SWE)"]
[Result "0-1"]
[WhiteElo "2110"]
[BlackElo "2216"]

1.e4 c5 2.Nf3 Nc6 3.d4 cxd4 4.Nxd4 g6 5.c4 Bg7 6.Be3 Nf6 7.Nc3 Ng4 8.Qxg4 Nxd4
9.Qd1 Ne6 10.Rc1 Qa5 11.Qd2 d6 12.Be2 Bd7 13.O-O Bc6 14.f3 f5 15.exf5 gxf5
16.Kh1 Rg8 17.Bd3 f4 18.Bxf4 Qh5 19.Rce1 Nxf4 20.Qxf4 Be5 21.Rxe5 dxe5 22.Qf5
Qxf5 23.Bxf5 Rd8 24.Rd1 Rxd1+ 25.Nxd1 h5 26.Nc3 Kf7 27.h4 Rd8 28.b4 Rd4 29.b5
Be8 30.Be4 b6 31.g4 hxg4 32.fxg4 e6 33.h5 Rxc4 {#R} 0-1

[Event "It (open) (juniors)"]
[Site "masterchessopen.com Hengelo (Netherlands)"]
[Round "6"]
[White "Berkvens Joost (NED)"]
[Black "Remmel Tim (NED)"]
[Result "1-0"]
[WhiteElo "2409"]
[BlackElo "2159"]

1.e4 c5 2.Nf3 Nc6 3.d4 cxd4 4.Nxd4 g6 5.c4 Bg7 6.Be3 Nf6 7.Nc3 Ng4 8.Qxg4 Nxd4
9.Qd1 e5 10.Bd3 O-O 11.O-O d6 12.Qd2 Be6 13.Rad1 a6 14.Ne2 b5 15.cxb5 axb5
16.a3 Qb8 17.Nxd4 exd4 18.Bh6 Bxh6 19.Qxh6 b4 20.f4 f5 21.Rde1 Qb7 22.axb4 Qd7
23.Rf2 Rae8 24.Rfe2 fxe4 25.Rxe4 Bf5 26.Bc4+ Kh8 27.Re7 {#r} 1-0

[Event "Ch Vietnam (active)"]
[Site "masterchessopen.com Ho Chi Minh City (Vietnam)"]
[Round "2"]
[White "Pham Minh Hoang (VIE)"]
[Black "Duong The Anh (VIE)"]
[Result "1-0"]
[WhiteElo "2484"]
[BlackElo "2378"]

1.c4 Nf6 2.Nc3 c5 3.Nf3 g6 4.d4 cxd4 5.Nxd4 Bg7 6.e4 Nc6 7.Be3 Ng4 8.Nxc6 Nxe3
9.Nxd8 Nxd1 10.Rxd1 Kxd8 11.Kd2 b6 12.Bd3 Bb7 13.Rhe1 d6 14.Kc2 a6 15.f3 Rc8
16.b4 Kc7 17.Kb3 Kb8 18.Nd5 Bxd5 19.exd5 Be5 20.f4 Bf6 21.a4 Ka7 22.Re2 Rc7
23.g4 h6 24.Rg2 a5 25.b5 g5 26.Rf2 Kb7 27.Be2 Rg8 28.Rd3 gxf4 29.Rxf4 Rg7
30.Rf5 Bg5 31.Rf1 Bf6 32.Rh3 Bg5 33.Rh5 {#r} 1-0

[Event "It (open) (b)"]
[Site "masterchessopen.com Koszalin (Poland)"]
[Round "3"]
[White "Dukaczewski Piotr (POL)"]
[Black "Gajsin Evgenij (RUS)"]
[Result "1-0"]
[WhiteElo "2180"]
[BlackElo "2458"]

1.e4 c5 2.Nf3 g6 3.d4 cxd4 4.Nxd4 Bg7 5.c4 Nc6 6.Be3 Nf6 7.Nc3 Ng4 8.Qxg4 Nxd4
9.Qd1 Ne6 10.Qd2 Qa5 11.Rc1 b6 12.Be2 Bb7 13.f3 f5 14.exf5 gxf5 15.O-O Rg8
16.Rfd1 d6 17.Nd5 Qxd2 18.Rxd2 Rc8 19.Re1 Nc5 20.Bd1 e5 21.Bc2 Rf8 22.Nc3 Rd8
23.Nb5 Ke7 24.Red1 d5 25.cxd5 a6 26.Nc7 Rd7 27.Bxc5+ bxc5 {#r} 1-0

[Event "Cup Russia (open)"]
[Site "masterchessopen.com Krasnodar (Russia)"]
[Round "5"]
[White "Vaulin Alexander (RUS)"]
[Black "Ananchenko Igor (RUS)"]
[Result "1-0"]
[WhiteElo "2530"]
[BlackElo "2285"]

1.e4 c5 2.Nf3 Nc6 3.d4 cxd4 4.Nxd4 g6 5.c4 Bg7 6.Be3 Nf6 7.Nc3 Ng4 8.Qxg4 Nxd4
9.Qd1 Ne6 10.Qd2 d6 11.Rc1 Qa5 12.Bd3 Bd7 13.O-O Bc6 14.Bb1 g5 15.b3 Be5
16.Rfe1 Bf4 17.Qd1 Qe5 18.Qh5 Qg7 19.Nd5 Qg6 20.Qe2 Qg7 21.Rcd1 h5 22.Bxf4
gxf4 23.e5 Rg8 24.g3 fxg3 25.fxg3 h4 26.exd6 hxg3 27.h3 O-O-O 28.dxe7 Rde8
29.Bf5 Bd7 30.Qe5 Qxe5 31.Rxe5 Rg5 32.Nf6 Rxe7 33.Nxd7 Rxd7 34.Rxd7 Kxd7
35.Bxe6+ {#r} 1-0

[Event "Ch Netherlands (juniors) (under 20)"]
[Site "masterchessopen.com Leiden (Netherlands)"]
[Round "7"]
[White "Solleveld Maarten (NED)"]
[Black "Berendsen Richard (NED)"]
[Result "1-0"]
[WhiteElo "2502"]
[BlackElo "2311"]

1.e4 c5 2.Nf3 Nc6 3.d4 cxd4 4.Nxd4 g6 5.c4 Bg7 6.Be3 Nf6 7.Nc3 Ng4 8.Qxg4 Nxd4
9.Qd1 e5 10.Bd3 O-O 11.O-O d6 12.Nd5 Be6 13.Qd2 Rc8 14.Kh1 Kh8 15.Rac1 f5
16.f4 Qh4 17.Bxd4 fxe4 18.Bf2 {#r} 1-0

[Event "It (open)"]
[Site "masterchessopen.com Ligetfalvi (Hungary)"]
[Round "0"]
[White "Heindrich Janos (HUN)"]
[Black "Suto Gabor (HUN)"]
[Result "1-0"]
[WhiteElo "2147"]
[BlackElo "2184"]

1.e4 c5 2.c4 Nc6 3.Ne2 g6 4.d4 cxd4 5.Nxd4 Bg7 6.Be3 Nf6 7.Nc3 Ng4 8.Qxg4 Nxd4
9.Qd1 Ne6 10.Be2 Qa5 11.O-O Bxc3 12.bxc3 Qxc3 13.Bh6 g5 14.f4 Qe3+ 15.Kh1 Nxf4
16.Bh5 Qxe4 17.Qg4 Rg8 18.Rae1 d5 19.Qg3 Nxh5 20.Qc7 Rg6 21.Rxe4 dxe4 22.Rd1
Bg4 23.Qxb7 Bxd1 24.Qxa8+ Kd7 25.Qb7+ Kd8 26.Bf8 Re6 27.c5 Ba4 28.Qb8+ Kd7
29.Qxa7+ Kc6 30.Qxa4+ Kxc5 31.Bxe7+ {#r} 1-0

[Event "Ch France (juniors)"]
[Site "masterchessopen.com Montlucon (France)"]
[Round "6"]
[White "Tirard Hugo (FRA)"]
[Black "Leroy Didier (FRA)"]
[Result "1-0"]
[WhiteElo "2370"]
[BlackElo "2190"]

1.e4 c5 2.Nf3 Nc6 3.d4 cxd4 4.Nxd4 g6 5.c4 Bg7 6.Be3 Nf6 7.Nc3 Ng4 8.Qxg4 Nxd4
9.Qd1 e5 10.Be2 O-O 11.O-O d6 12.Nb5 Nxb5 13.cxb5 Be6 14.Qd2 d5 15.exd5 Qxd5
16.Qxd5 Bxd5 17.Rfd1 Rfd8 18.Bg5 f6 19.Be3 Kf8 20.Rd2 Ke8 21.a3 f5 22.Bg5 Rd7
23.Rad1 Be6 24.Rxd7 Bxd7 25.Bc4 e4 26.Bf7+ Kxf7 27.Rxd7+ Kg8 28.Rxb7 Bxb2
29.a4 Bd4 30.Be3 {#r} 1-0

[Event "Ch Hungary (juniors) (under 14) (g)"]
[Site "masterchessopen.com Paks (Hungary)"]
[Round "4"]
[White "Gara Ticia (HUN)"]
[Black "Simon Zsuzsa (HUN)"]
[Result "1-0"]
[WhiteElo "2175"]
[BlackElo "2071"]

1.e4 c5 2.Nf3 Nc6 3.d4 cxd4 4.Nxd4 g6 5.c4 Bg7 6.Be3 Nf6 7.Nc3 Ng4 8.Qxg4 Nxd4
9.Qd1 e5 10.Nb5 O-O 11.Qd2 Qe7 12.Bd3 b6 13.Nc7 Rb8 14.Nd5 Qd6 15.O-O Bb7
16.Rac1 Bxd5 17.cxd5 Rbc8 18.Rc3 f5 19.f3 fxe4 20.fxe4 Rxf1+ 21.Bxf1 Rf8
22.Qc1 h5 23.Rc8 Rxc8 24.Qxc8+ Kf7 25.g3 Ke7 26.Bh3 Nf3+ 27.Kg2 Ne1+ 28.Kf2
Nd3+ 29.Ke2 Nxb2 30.Bg5+ Bf6 31.Bh6 Kf7 32.Bxd7 Be7 33.Be6+ Kf6 34.Qh8# 1-0

[Event "Ch Poland (1/2 final)"]
[Site "masterchessopen.com Poraj (Poland)"]
[Round "11"]
[White "Widera Jan (POL)"]
[Black "Zielinska Danuta (POL)"]
[Result "1-0"]
[WhiteElo "2019"]
[BlackElo "2070"]

1.e4 c5 2.Nf3 Nc6 3.d4 cxd4 4.Nxd4 g6 5.c4 Bg7 6.Be3 Nf6 7.Nc3 Ng4 8.Qxg4 Nxd4
9.Qd1 Ne6 10.Be2 Bxc3+ 11.bxc3 Qa5 12.Qd2 O-O 13.O-O d6 14.Rab1 Qc7 15.Bh6 Rd8
16.f4 Nc5 17.Qe3 e6 18.f5 exf5 19.exf5 Bxf5 20.Rxf5 Re8 21.Qd4 Ne6 22.Qg4 Nc5
23.Bf3 Qc8 24.Rd5 f5 25.Qd4 Ne6 26.Qf6 Qd7 27.Rdb5 Qf7 28.Qh4 {#r} 1-0

[Event "Ch Slovakia (team) 1996/97 (2 liga)"]
[Site "masterchessopen.com Slovakia"]
[Round "1"]
[White "Helbich Jan Jr (SVK)"]
[Black "Kohlman Robert (SVK)"]
[Result "0-1"]
[WhiteElo "2195"]
[BlackElo "2184"]

1.e4 c5 2.Nf3 Nc6 3.d4 cxd4 4.Nxd4 g6 5.c4 Nf6 6.Nc3 Bg7 7.Be3 Ng4 8.Qxg4 Nxd4
9.Qd1 Ne6 10.Be2 Qa5 11.Qd2 d6 12.O-O g5 13.Rfd1 Be5 14.g3 Bd7 15.Nd5 Qxd2
16.Rxd2 Bc6 17.Rc1 h5 18.b4 b6 19.c5 bxc5 20.bxc5 Kd7 21.Nxe7 Kxe7 22.cxd6+
Kd7 23.f3 h4 24.Kg2 hxg3 25.hxg3 Rh6 26.Bc4 Rah8 27.Bxe6+ fxe6 28.Bg1 Rh3
29.Rc5 Rxg3+ 30.Kf2 Bf4 31.Rdc2 Rxg1 32.Rxc6 Rgh1 33.e5 R8h2# 0-1

[Event "Ch Europe (juniors) (under 14)"]
[Site "masterchessopen.com Tallinn (Estonia)"]
[Round "7"]
[White "Grigoriants Sergey (RUS)"]
[Black "Petrosian Davit G (ARM)"]
[Result "1-0"]
[WhiteElo "2290"]
[BlackElo "2486"]

1.e4 c5 2.Nf3 Nc6 3.d4 cxd4 4.Nxd4 g6 5.c4 Bg7 6.Be3 Nf6 7.Nc3 Ng4 8.Qxg4 Nxd4
9.Qd1 Ne6 10.Rc1 Qa5 11.Qd2 b6 12.Bd3 Bb7 13.O-O O-O 14.a3 Nd4 15.Qd1 Bc6
16.Nd5 Ba4 17.Nxe7+ Kh8 {#r} 1-0

[Event "Cup Yugoslavia (team)"]
[Site "masterchessopen.com Ulcinj (Yugoslavia)"]
[Round "1"]
[White "Brenjo Slavisa (SRB)"]
[Black "Vujicic Mirko (SRB)"]
[Result "1-0"]
[WhiteElo "2465"]
[BlackElo "2365"]

1.e4 c5 2.Nf3 Nc6 3.d4 cxd4 4.Nxd4 g6 5.c4 Bg7 6.Be3 Nf6 7.Nc3 Ng4 8.Qxg4 Nxd4
9.Qd1 Ne6 10.Rc1 Qa5 11.Bd3 b6 12.O-O g5 13.Qd2 Bb7 14.Rfd1 h5 15.a3 Qe5 16.b4
d6 17.c5 bxc5 18.bxc5 dxc5 19.Bb5+ Kf8 20.Na4 Bf6 21.Nxc5 Nxc5 22.Rxc5 Qxe4
23.f3 Qh4 24.Rxg5 {#r} 1-0

[Event "Ch Yugoslavia (w)"]
[Site "masterchessopen.com Belgrade (Yugoslavia)"]
[Round "13"]
[White "Manakova Maria (SRB)"]
[Black "Petronic Sanja (SIN)"]
[Result "0-1"]
[WhiteElo "2330"]
[BlackElo "2150"]

1.d4 Nf6 2.Nf3 c5 3.c4 cxd4 4.Nxd4 Nc6 5.Nc3 g6 6.e4 Bg7 7.Be3 Ng4 8.Qxg4 Nxd4
9.Qd1 Ne6 10.Qd2 O-O 11.Be2 d6 12.O-O a5 13.Rad1 Bd7 14.f4 Bc6 15.f5 Nc5
16.Bd4 Nd7 17.Bxg7 Kxg7 18.Rf4 g5 19.Rg4 f6 20.h4 Ne5 21.hxg5 Nxg4 22.Bxg4
Qb6+ 23.Kh1 Qc5 24.gxf6+ Rxf6 25.Qg5+ Kh8 26.b3 Rg8 27.Qh5 Rxg4 28.Rd3 Qf2
29.Qxg4 Qf1+ {#R} 0-1

[Event "Czech League 1998/99 (2nd) (a)"]
[Site "masterchessopen.com Czech Republic"]
[Round "0"]
[White "Efler David (CZE)"]
[Black "Taborsky Rostislav (CZE)"]
[Result "1-0"]
[WhiteElo "2208"]
[BlackElo "2262"]

1.e4 c5 2.Nf3 Nc6 3.d4 cxd4 4.Nxd4 g6 5.c4 Bg7 6.Be3 Nf6 7.Nc3 Ng4 8.Qxg4 Nxd4
9.Qd1 Ne6 10.Qd2 Qa5 11.Rc1 g5 12.Be2 d6 13.O-O Be5 14.Rfd1 Nf4 15.Bf1 Be6
16.Nb5 Qxd2 17.Rxd2 O-O 18.g3 a6 19.Nc7 {#r} 1-0

[Event "Extra League 1997/98"]
[Site "masterchessopen.com Czech Republic"]
[Round "7"]
[White "Sluka Radek (CZE)"]
[Black "Gross Stefan (CZE)"]
[Result "1-0"]
[WhiteElo "2380"]
[BlackElo "2330"]

1.e4 c5 2.Nf3 Nc6 3.d4 cxd4 4.Nxd4 g6 5.c4 Bg7 6.Be3 Nf6 7.Nc3 Ng4 8.Qxg4 Nxd4
9.Qd1 Ne6 10.Rc1 Qa5 11.Be2 b6 12.O-O Bb7 13.f3 g5 14.Rc2 h5 15.Nd5 Qxa2
16.Qd3 Rc8 17.Rd1 Qa4 18.b3 Qc6 19.b4 d6 20.Qa3 Ra8 21.c5 bxc5 22.bxc5 a5
23.Qb3 a4 24.Qb1 Ba6 25.cxd6 Qxd6 26.Nf6+ Bxf6 27.Rxd6 exd6 28.Bxa6 {#r} 1-0

[Event "Ch Poland (1/2 final) (w)"]
[Site "masterchessopen.com Czestochowa (Poland)"]
[Round "7"]
[White "Szymanowska Karolina (POL)"]
[Black "Kuchta Danuta (POL)"]
[Result "1-0"]
[WhiteElo "2086"]
[BlackElo "2064"]

1.e4 c5 2.Nf3 Nc6 3.d4 cxd4 4.Nxd4 g6 5.c4 Bg7 6.Be3 Nf6 7.Nc3 Ng4 8.Qxg4 Nxd4
9.Qd1 Nc6 10.Rc1 O-O 11.Be2 d6 12.O-O Qa5 13.Qd2 Be6 14.Rfd1 Rfc8 15.Nd5 Qxd2
16.Rxd2 b6 17.c5 Bxd5 18.exd5 Nd8 19.c6 Rc7 20.b4 h5 21.a4 Kh7 22.b5 Bh6
23.Ra1 f5 24.a5 bxa5 25.Bxh6 Kxh6 26.Rxa5 {#r} 1-0

[Event "Zt"]
[Site "masterchessopen.com Donetsk (Ukraine)"]
[Round "6"]
[White "Savchenko Stanislav (UKR)"]
[Black "Neverov Valeriy (UKR)"]
[Result "1-0"]
[WhiteElo "2555"]
[BlackElo "2515"]

1.Nf3 Nf6 2.c4 g6 3.Nc3 c5 4.d4 cxd4 5.Nxd4 Nc6 6.e4 Bg7 7.Be3 Ng4 8.Qxg4 Nxd4
9.Qd1 Ne6 10.Rc1 b6 11.Bd3 Bb7 12.O-O O-O 13.Qd2 d6 14.Rfd1 Rc8 15.b4 Qd7
16.f3 Ba6 17.Ne2 Qa4 18.f4 Rfe8 19.f5 Nf8 20.Bd4 Bxd4+ 21.Nxd4 Nd7 22.Bc2 Qa3
23.Bb3 Bb7 24.Nb5 Qa6 25.Qf4 Kg7 26.Nxd6 { ! } 26...exd6 27.Rxd6 Rxe4 (
27...Ne5 28.f6+ Kh8 29.Rc3 { +?? ? 30. ?h6 ?g8 31. ?h7! ?h7 32. ?h3# } )
28.f6+ Kg8 29.Qh6 Nxf6 30.Rxf6 Re2 31.Rxf7 { ! } 31...Rxg2+ 32.Kf1 Kxf7
33.Qxh7+ Kf8 ( 33...Kf6 34.Re1 Rxc4 35.Qe7+ Kf5 36.Qf7+ { +?? } ) 34.Re1 Bd5 (
34...Rg4 { ? } 35.Qe7+ Kg8 36.Qe6+ Kg7 37.Qxg4 { +?? } ) 35.Re7 { } 1-0

[Event "Olympiad"]
[Site "masterchessopen.com Elista (Russia)"]
[Round "1"]
[White "Mikuev Erenzen (CZE)"]
[Black "Oblitas Carlomagno (PER)"]
[Result "1-0"]
[WhiteElo "2252"]
[BlackElo "2420"]

1.e4 c5 2.Nf3 g6 3.d4 cxd4 4.Nxd4 Bg7 5.c4 Nc6 6.Be3 Nf6 7.Nc3 Ng4 8.Qxg4 Nxd4
9.Qd1 Ne6 10.Qd2 Qa5 11.Rc1 b6 12.Be2 Bb7 13.O-O Bxc3 14.Rxc3 Bxe4 15.Rd1 Bc6
16.a3 Qe5 17.Re1 f5 18.Bf1 Qf6 19.f4 h6 20.Bf2 g5 21.c5 bxc5 22.Bc4 Nd4
23.Ree3 e6 24.Re5 Rb8 25.Bxd4 cxd4 26.Bxe6 Kd8 27.Qxd4 Qg7 28.Bd5 Qg6 29.Bxc6
Qxc6 {#r} 1-0

[Event "Ch France (team) (juniors)"]
[Site "masterchessopen.com France"]
[Round "2"]
[White "Guillet Richard (FRA)"]
[Black "Le Roy Brice (FRA)"]
[Result "0-1"]
[WhiteElo "2126"]
[BlackElo "2292"]

1.e4 c5 2.Nf3 Nc6 3.d4 cxd4 4.Nxd4 g6 5.c4 Bg7 6.Be3 Nf6 7.Nc3 Ng4 8.Nxc6 Nxe3
9.Nxd8 Nxd1 10.Rxd1 Kxd8 11.Be2 b6 12.O-O Bb7 13.Bg4 d6 14.Rfe1 h5 15.Bh3 g5
16.f3 Be5 17.g3 e6 18.Rf1 Ke7 19.Rd2 Rac8 20.Rfd1 Rxc4 21.Nb5 Rd8 22.Bf1 Rcc8
23.Na3 h4 24.gxh4 gxh4 25.Re1 Bf4 26.Rg2 d5 27.Rg4 Rg8 28.Bh3 dxe4 29.fxe4
Rxg4+ 30.Bxg4 Rc1 31.Rxc1 Bxc1 32.e5 Bxb2 33.Nc4 Bd4+ 34.Kf1 Ba6 {#R} 0-1

[Event "Oberliga East 1997/98"]
[Site "masterchessopen.com Germany"]
[Round "4"]
[White "Gasthofer Viktor (GER)"]
[Black "Schwamberger Martin (GER)"]
[Result "0-1"]
[WhiteElo "2405"]
[BlackElo "2315"]

1.c4 g6 2.e4 c5 3.Nf3 Bg7 4.d4 cxd4 5.Nxd4 Nc6 6.Be3 Nf6 7.Nc3 Ng4 8.Qxg4 Nxd4
9.Qd1 Ne6 10.Rc1 Qa5 11.Qd2 b6 12.Be2 Bb7 13.f3 g5 14.b3 Qe5 15.Nd5 h5 16.O-O
h4 17.Rfd1 d6 18.b4 Kf8 19.Bf1 h3 20.g4 Bf6 21.Qf2 Kg7 22.Rc2 Rac8 23.Nxf6
Qxf6 24.Bc1 Nf4 25.Bb2 e5 26.Rcd2 Rhd8 27.b5 Ng6 28.Qe3 Nh4 29.Be2 a6 30.a4
axb5 31.axb5 Ra8 32.Ba3 Rxa3 33.Qxa3 Qf4 34.Qd3 f5 {#R} 0-1

[Event "It (w)"]
[Site "masterchessopen.com Groningen (Netherlands)"]
[Round "9"]
[White "Socko Monika (POL)"]
[Black "Darchia Diana (GEO)"]
[Result "1-0"]
[WhiteElo "2470"]
[BlackElo "2445"]

1.Nf3 c5 2.c4 g6 3.e4 Bg7 4.d4 cxd4 5.Nxd4 Nc6 6.Be3 Nf6 7.Nc3 Ng4 8.Qxg4 Nxd4
9.Qd1 Ne6 10.Be2 Qa5 11.Bd2 Qe5 12.O-O g5 13.Rc1 b6 14.Nd5 Qxb2 15.Bg4 Kd8
16.Bb4 Nc5 17.Rc2 Qd4 18.Rd2 Qxc4 19.Be2 Qxe4 20.Bf3 Qc4 21.Bxc5 Qxc5 22.Nxe7
Qxe7 23.Bxa8 Re8 24.Bc6 Bc3 25.Rd3 Bb4 26.Qg4 Bc5 27.h4 Kc7 28.Bb5 a6 29.Ba4
b5 30.Rc1 bxa4 31.Re3 Qxe3 32.fxe3 d6 33.Qxg5 Bb7 34.Qf4 Kc8 35.Qxd6 {#r} 1-0

[Event "Ch Hungary (team) 1998/99"]
[Site "masterchessopen.com Hungary"]
[Round "0"]
[White "Varadi Viktor (HUN)"]
[Black "Szabo Virag (HUN)"]
[Result "1-0"]
[WhiteElo "2150"]
[BlackElo "2047"]

1.e4 c5 2.Nf3 Nc6 3.d4 cxd4 4.Nxd4 g6 5.c4 Bg7 6.Be3 Nf6 7.Nc3 Ng4 8.Qxg4 Nxd4
9.Qd1 Nc6 10.Qd2 O-O 11.Be2 d6 12.O-O Qa5 13.Rac1 Be6 14.Rfd1 f5 15.exf5 gxf5
16.Nd5 Qxd2 17.Rxd2 Rac8 18.Bg5 Rfe8 19.Re1 Bf7 20.Bf1 h6 21.Bh4 Kf8 22.b3 e5
23.f3 Nd4 24.Ne3 Re6 25.Bd3 Bg6 26.Nd5 Ree8 27.Bf2 Kf7 28.Bxd4 exd4 29.Rde2
Rxe2 30.Rxe2 Bf6 31.Nf4 Bh7 32.g4 Rg8 {#r} 1-0

[Event "Ch Ukraine (juniors) (under 20)"]
[Site "masterchessopen.com Kharkov (Ukraine)"]
[Round "0"]
[White "Andreev Eduard (UKR)"]
[Black "Zubarev Alexander (UKR)"]
[Result "0-1"]
[WhiteElo "2330"]
[BlackElo "2440"]

1.e4 c5 2.Nf3 Nc6 3.d4 cxd4 4.Nxd4 g6 5.c4 Bg7 6.Be3 Nf6 7.Nc3 Ng4 8.Qxg4 Nxd4
9.Qd1 Ne6 10.Rc1 Qa5 11.Be2 b6 12.O-O Bb7 13.f3 g5 14.Rf2 h5 15.Bf1 Bxc3
16.Rxc3 Qe5 17.Rd3 Bc6 18.b4 Qc7 19.Rfd2 Rd8 20.Ra3 g4 21.fxg4 hxg4 22.g3 Rg8
23.Rd5 f6 24.Be2 Bxd5 25.exd5 Ng5 26.Qd4 f5 27.Bxg5 Rxg5 28.d6 Qxd6 29.Qh8+
Kf7 30.Qxd8 Rg8 {#R} 0-1

[Event "Cup Russia (open)"]
[Site "masterchessopen.com Krasnodar (Russia)"]
[Round "6"]
[White "Zakhartsov Viacheslav V (RUS)"]
[Black "Batikiants Semen (RUS)"]
[Result "1-0"]
[WhiteElo "2435"]
[BlackElo "2240"]

1.c4 c5 2.Nf3 Nc6 3.d4 cxd4 4.Nxd4 g6 5.e4 Bg7 6.Be3 Nf6 7.Nc3 Ng4 8.Qxg4 Nxd4
9.Qd1 Ne6 10.Rc1 d6 11.b4 Bd7 12.Qd2 h6 13.f4 g5 14.f5 Nf8 15.Be2 Nh7 16.h4 e6
17.Qxd6 exf5 18.e5 Rc8 19.O-O Rc6 20.Qd3 O-O 21.Bf3 gxh4 22.Bxc6 bxc6 23.Ne4
h3 24.Rcd1 hxg2 25.Kxg2 Qe7 26.Bc5 Qh4 27.Bxf8 Qg4+ 28.Ng3 Nxf8 29.Qd4 {#r}
1-0

[Event "Ch Poland (juniors) (under 16) (g)"]
[Site "masterchessopen.com Krynica (Poland)"]
[Round "0"]
[White "Pikulska Agnieszka (POL)"]
[Black "Reszka Malgorzata (POL)"]
[Result "1-0"]
[WhiteElo "2030"]
[BlackElo "2120"]

1.e4 c5 2.Nf3 Nc6 3.d4 cxd4 4.Nxd4 g6 5.c4 Bg7 6.Be3 Nf6 7.Nc3 Ng4 8.Qxg4 Nxd4
9.Qd1 Ne6 10.Qd2 Qa5 11.Rc1 d6 12.Bd3 O-O 13.O-O Nc5 14.Bb1 Re8 15.Bd4 Ne6
16.Bxg7 Nxg7 17.Kh1 Bd7 18.f4 Rac8 19.Qe2 Qh5 20.Qd3 Qh6 21.Nd5 Nh5 22.f5 gxf5
23.exf5 Bxf5 24.Qf3 Bg6 25.g4 Ng7 26.Rce1 Ne6 27.Bf5 Rxc4 28.Bxe6 fxe6 29.Rxe6
Rc2 30.Rxg6+ {#r} 1-0

[Event "It (open)"]
[Site "masterchessopen.com Krynica (Poland)"]
[Round "0"]
[White "Barglowski Filip (POL)"]
[Black "Blandzi Daniel (POL)"]
[Result "1-0"]
[WhiteElo "2055"]
[BlackElo "2084"]

1.e4 c5 2.Nf3 Nc6 3.d4 cxd4 4.Nxd4 g6 5.c4 Bg7 6.Be3 Nf6 7.Nc3 Ng4 8.Qxg4 Nxd4
9.Qd1 Ne6 10.Qd2 Qa5 11.Rc1 d6 12.Be2 Bd7 13.O-O Nc5 14.f3 Na4 15.Qd5 Bxc3
16.Qxb7 Nb6 17.Rxc3 Bc8 18.Qc7 Qa6 19.Bd4 Rg8 20.c5 Qxe2 21.cxb6 Ba6 22.Qc6+
Kd8 23.Qxa8+ Kd7 24.Rc7+ Ke6 25.Qd5# 1-0

[Event "It (open)"]
[Site "masterchessopen.com Krynica (Poland)"]
[Round "0"]
[White "Dryzek Tadeusz (POL)"]
[Black "Blandzi Daniel (POL)"]
[Result "0-1"]
[WhiteElo "2063"]
[BlackElo "2084"]

1.e4 c5 2.Nf3 Nc6 3.d4 cxd4 4.Nxd4 g6 5.c4 Bg7 6.Be3 Nf6 7.Nc3 Ng4 8.Qxg4 Nxd4
9.Qd1 Ne6 10.Qd2 Qa5 11.Be2 Bxc3 12.bxc3 O-O 13.O-O d6 14.f4 Ng7 15.Rab1 Qc7
16.f5 b6 17.f6 exf6 18.Rxf6 Be6 19.Bd4 Rfc8 20.Qh6 Ne8 21.Rbf1 Qe7 22.R1f4
Nxf6 23.Bxf6 Qf8 24.Qxh7+ Kxh7 {#R} 0-1

[Event "It (open)"]
[Site "masterchessopen.com Metz (France)"]
[Round "9"]
[White "Lauer Ludovic (FRA)"]
[Black "Gulbas Cemil (BEL)"]
[Result "1-0"]
[WhiteElo "2127"]
[BlackElo "2170"]

1.c4 c5 2.Nf3 Nc6 3.d4 cxd4 4.Nxd4 g6 5.e4 Bg7 6.Be3 Nf6 7.Nc3 Ng4 8.Qxg4 Nxd4
9.Qd1 e5 10.Nb5 O-O 11.Qd2 Nxb5 12.cxb5 d5 13.exd5 Bf5 14.Bc4 Rc8 15.Rc1 Qh4
16.b3 a6 17.b6 Qd8 18.O-O Qd6 19.b4 Rfd8 20.Bb3 h5 21.a3 Kh7 22.Rxc8 Rxc8
23.Rc1 Rxc1+ 24.Qxc1 e4 25.Qc7 Qf6 26.d6 Qb2 27.Bxf7 Qxa3 28.h4 Qxb4 29.Qd8
Qe1+ 30.Kh2 Be5+ 31.g3 Bxg3+ 32.Kxg3 Qg1+ 33.Kf4 g5+ 34.Qxg5 {#r} 1-0